| 000 | 00472 a2200145 4500 | ||
|---|---|---|---|
| 020 | _a8120312813 (paperback) | ||
| 020 | _a9788120312814 (paperback) | ||
| 090 |
_c5843 _d5843 |
||
| 100 | 1 | _aHolt, David H. | |
| 245 | 1 | 0 |
_aEntrepreneurship : _bnew venture creation / _cDavid H. Holt. |
| 260 |
_a[S.l.] : _bPrentice Hall, _c1991. |
||
| 300 | _a576 p. | ||
| 856 | 4 | 0 |
_3Amazon.com _uhttp://www.amazon.com/exec/obidos/ASIN/8120312813/chopaconline-20 |
| 942 |
_aNBS _cBK _k658.42 HOL |
||
| 999 |
_c348240 _d348240 |
||